SCIENCE OF CLAYS APPLICATION INDUSTRY / (Record no. 587915)

000 -LEADER
fixed length control field 00331nam a22001337a 4500
020 ## - INTERNATIONAL STANDARD BOOK NUMBER
Qualifying information HB.
040 ## - CATALOGING SOURCE
Transcribing agency FIZZA ISHAQ
082 ## - DEWEY DECIMAL CLASSIFICATION NUMBER
Classification number 549.6
Author Mark SWA
100 ## - MAIN ENTRY--PERSONAL NAME
Personal name MUKERJEE,SWAPNA.
9 (RLIN) 89075
245 ## - TITLE STATEMENT
Title SCIENCE OF CLAYS APPLICATION INDUSTRY /
Statement of responsibility, etc. SWAPNA MUKHERJEE.
260 ## - PUBLICATION, DISTRIBUTION, ETC.
Place of publication, distribution, etc. NEW DEHLI ;
Date of publication, distribution, etc. 2013
300 ## - PHYSICAL DESCRIPTION
Extent 335 P. ;
942 ## - ADDED ENTRY ELEMENTS (KOHA)
Source of classification or shelving scheme
Koha item type Book
Holdings
Withdrawn status Lost status Source of classification or shelving scheme Damaged status Not for loan Permanent Location Current Location Date acquired Total Checkouts Full call number Barcode Date last seen Price effective from Koha item type
          NUST Baluchistan Campus (NBC) NUST Baluchistan Campus (NBC) 02/16/2022   549.6 SWA Q-2406 02/16/2022 02/16/2022 Book
© 2023 Central Library, National University of Sciences and Technology. All Rights Reserved.